Down Bad - Taylor Swift (All Lyrics) - Statistics

General Stats
  • This quiz has been taken 1,530 times
    1,514 since last reset
  • The average score is 408 of 472
Answer Stats
Lyrics % Correct
I
100%
a
99%
do
99%
the
99%
The
99%
bad,
98%
bad
98%
bad)
98%
down
98%
Down
98%
(Down
98%
at
97%
cryin'
97%
(Cryin'
97%
no
97%
can
96%
can't
96%
(Can't
96%
gym
96%
gym)
96%
have
96%
if
96%
I'm
96%
(I'm
96%
it
96%
it,
96%
Fuck
95%
(Fuck
95%
fuck
95%
Now
95%
now?
95%
him
94%
him)
94%
you
94%
me
93%
In
92%
in
92%
Just
92%
just
92%
up
92%
up,
92%
teenage
91%
was
90%
and
89%
Everything
89%
love
89%
us
89%
come
88%
on?
87%
on
87%
to
87%
Did
86%
might
86%
comes
85%
my
85%
of
83%
out
83%
back
82%
difference
82%
make
82%
really
82%
so
82%
So
82%
For
80%
Then
80%
would
80%
not
79%
one
79%
petulance
79%
where
79%
Where
79%
die,
78%
all
77%
All
77%
get
77%
blood
76%
blood)
76%
chosen
76%
moment,
76%
dust
75%
that
75%
That
75%
experiments
74%
from
74%
it's--
74%
it's
74%
leave
74%
pick
74%
stay
74%
take
74%
Tell
74%
alone
73%
knew
73%
wakin'
73%
(Wakin'
73%
cloud
72%
cosmic
72%
(Like
72%
Like
72%
sparkling
72%
lost
71%
naked
71%
came
70%
here,
70%
beam
69%
is
69%
old
69%
clothes
68%
say
68%
they
68%
this
68%
your
68%
'Cause
67%
How
67%
sky,
66%
Starin'
66%
some
65%
twin)
65%
twin
65%
think
64%
romantic
63%
than
63%
town
63%
bigger
60%
stranded?
60%
dare
59%
heavenstruck
59%
Leaving
59%
safe
59%
same
59%
about
58%
planet
58%
sent
58%
existence
57%
I'll
57%
world
57%
understand
56%
talk
54%
hollow
53%
seems
53%
closer
51%
build
50%
hostile
50%
loved
50%
takeovers
50%
indecent
49%
ship)
49%
fort
48%
They'll
48%
exposures
47%
(Wavin'
47%
nuts
45%
field
44%
Showed
44%
somehow
42%
Encounters
40%
No matching quizzes found
Score Distribution
Percent of People with Each Score
Percentile by Number Answered
Your Score History
You have not taken this quiz since the last reset